000 00440nam a22001817a 4500
003 CEME
005 20210628203215.0
008 210301b xxu||||| |||| 00| 0 eng d
020 _a0-07-023983-5
040 _c.
082 _a005.133-C ++ GRA
100 _aGraham, Neill
_963975
245 _aLearning c++
260 _aBOSTON
_bMCGRAW HILL
_c1991
300 _aX,422P
650 _aC++ (COMPUTER LANGUAGE)
_963976
942 _cBK
_2ddc
999 _c572643
_d572643